[Event "Nuremberg-ch op 04th"]
[Site "Nuremberg"]
[Date "2004.05.22"]
[Round "2"]
[White "Siebert, Peter"]
[Black "Steinmueller, Stefanie"]
[Result "0-1"]
[WhiteElo "1542"]
[BlackElo "1762"]
[PlyCount "42"]
[EventDate "2004.05.21"]
[EventType "swiss"]
[EventRounds "5"]
[EventCountry "GER"]
[SourceTitle "EXT 2006"]
[Source "ChessBase"]
[SourceDate "2005.11.24"]
[SourceVersion "1"]
[SourceVersionDate "2005.11.24"]
[SourceQuality "1"]

1. e4 c5 2. Nf3 Nc6 3. d4 cxd4 4. Nxd4 Nf6 5. Nc3 e5 6. Nb3 Bb4 7. Bd2 d5 8. Nxd5 Bxd2+ 9. Qxd2 Nxe4 10. Qd3 Bf5 11. c4 0-0 12. Be2 Bg6 13. Qe3 f5 14. 0-0 f4 15. Qc1 Qg5 16. Bf3 Rac8 17. Nd2 Nd4 18. Nxe4 Bxe4 19. Qd1 Bxf3 20. Ne7+ Kh8 21. g3 Bxd1 0-1

[Event "Nuremberg-ch op 04th"]
[Site "Nuremberg"]
[Date "2004.05.21"]
[Round "1"]
[White "Redzepovic, Irfan"]
[Black "Siebert, Peter"]
[Result "1-0"]
[WhiteElo "1926"]
[BlackElo "1542"]
[PlyCount "53"]
[EventDate "2004.05.21"]
[EventType "swiss"]
[EventRounds "5"]
[EventCountry "GER"]
[SourceTitle "EXT 2006"]
[Source "ChessBase"]
[SourceDate "2005.11.24"]
[SourceVersion "1"]
[SourceVersionDate "2005.11.24"]
[SourceQuality "1"]

1. e4 c5 2. Nf3 Nc6 3. d4 cxd4 4. Nxd4 Nf6 5. Nc3 a6 6. Nxc6 bxc6 7. e5 Ng8 8. Bc4 e6 9. 0-0 d5 10. exd6 Qxd6 11. Qf3 Nf6 12. Rd1 Nd5 13. Ne4 Qc7 14. Bb3 Be7 15. c4 Nf6 16. Bf4 e5 17. Bg3 0-0 18. Qc3 Nd7 19. c5 Re8 20. Rd2 a5 21. Rad1 a4 22. Bc2 f5 23. Qc4+ Kh8 24. Qf7 Qd8 25. Bxe5 Rg8 26. Qxf5 Nxc5 27. Ng5 1-0

[Event "Nuremberg-ch op 03rd"]
[Site "Nuremberg"]
[Date "2003.06.01"]
[Round "4"]
[White "Konyukhov, Pavel"]
[Black "Siebert, Peter"]
[Result "0-1"]
[WhiteElo "1192"]
[BlackElo "1572"]
[PlyCount "56"]
[EventDate "2003.05.30"]
[EventType "swiss"]
[EventRounds "5"]
[EventCountry "GER"]
[SourceTitle "EXT 2006"]
[Source "ChessBase"]
[SourceDate "2005.11.24"]
[SourceVersion "1"]
[SourceVersionDate "2005.11.24"]
[SourceQuality "1"]

1. e4 c5 2. Nf3 Nc6 3. d4 cxd4 4. Nxd4 Nf6 5. Nc3 e6 6. Ndb5 d6 7. a4 a6 8. Na3 Be7 9. Be2 0-0 10. Be3 d5 11. exd5 exd5 12. Bd4 Bf5 13. g4 Be6 14. Rg1 Qc7 15. Rg2 Rad8 16. Qd2 Ne4 17. Nxe4 dxe4 18. c3 Rxd4 19. Qe3 Rdd8 20. Nc2 Bb3 21. Nd4 Nxd4 22. cxd4 Bb4+ 23. Kf1 Bc4 24. Rc1 Bxe2+ 25. Kxe2 Qa5 26. b3 b5 27. Ra1 Bc3 28. Rc1 Bxd4 0-1

[Event "Nuremberg-ch op 03rd"]
[Site "Nuremberg"]
[Date "2003.05.31"]
[Round "2"]
[White "Niederkleine, Ingmar"]
[Black "Siebert, Peter"]
[Result "1-0"]
[WhiteElo "1702"]
[BlackElo "1572"]
[PlyCount "141"]
[EventDate "2003.05.30"]
[EventType "swiss"]
[EventRounds "5"]
[EventCountry "GER"]
[SourceTitle "EXT 2006"]
[Source "ChessBase"]
[SourceDate "2005.11.24"]
[SourceVersion "1"]
[SourceVersionDate "2005.11.24"]
[SourceQuality "1"]

1. c4 Nf6 2. d4 g6 3. Nc3 Bg7 4. e4 d6 5. Bd3 0-0 6. Nge2 a6 7. 0-0 c5 8. dxc5 dxc5 9. Be3 Qc7 10. Qc2 Ng4 11. Bf4 Be5 12. Nd5 Qd6 13. h3 Bxf4 14. Nxe7+ Qxe7 15. Nxf4 Ne5 16. Nd5 Qd6 17. Rad1 Be6 18. Be2 Bxd5 19. cxd5 b5 20. f4 Ned7 21. e5 Nxe5 22. fxe5 Qxe5 23. Rfe1 Qe3+ 24. Kh1 Re8 25. a4 b4 26. Rd2 Qg3 27. Red1 Nd7 28. Rd3 Qf2 29. R3d2 Qe3 30. Bf1 Nf6 31. Re2 Qf4 32. Qxc5 Ne4 33. Rxe4 Qxe4 34. d6 Rac8 35. Qa7 Qc2 36. Qd4 Re4 37. Qd5 Rc5 38. Qd3 Qxd3 39. Rxd3 Re8 40. Rd4 Rd8 41. Bxa6 Rc6 42. Bb5 Rcxd6 43. Rxb4 Rd1+ 44. Kh2 R8d4 45. Rb3 Rf4 46. Rc3 Rb4 47. b3 Rb1 48. Bc4 Kg7 49. Rd3 Rb7 50. Rd6 Re1 51. a5 Ree7 52. a6 Rbd7 53. Rb6 Ra7 54. b4 Rec7 55. Bd3 Rc3 56. Be4 Re7 57. Bb7 Ra3 58. b5 Kf8 59. Bc6 Rc7 60. Rb7 Rxc6 61. bxc6 Rxa6 62. c7 Rc6 63. Rb8+ Ke7 64. c8Q Rxc8 65. Rxc8 Kf6 66. Kg3 Kg5 67. h4+ Kh5 68. Rc5+ f5 69. Kh3 g5 70. Rxf5 Kg6 71. Rxg5+ 1-0

[Event "Mittelfranken-ch QT 50th"]
[Site "Buechenbach"]
[Date "2001.??.??"]
[Round "1"]
[White "Siebert, Peter"]
[Black "Schraufl, Wolfhardt"]
[Result "0-1"]
[WhiteElo "1569"]
[BlackElo "1912"]
[PlyCount "50"]
[EventDate "2001.04.11"]
[EventType "swiss"]
[EventRounds "7"]
[EventCountry "GER"]
[SourceTitle "EXT 2015"]
[Source "ChessBase"]
[SourceDate "2014.11.20"]
[SourceVersion "1"]
[SourceVersionDate "2014.11.20"]
[SourceQuality "1"]

1. e4 e5 2. Nf3 d6 3. c3 Nf6 4. d4 Nbd7 5. Bg5 Be7 6. Nbd2 0-0 7. Bd3 h6 8. Bxf6 Bxf6 9. 0-0 g6 10. b4 Bg7 11. Nc4 Qe7 12. a4 f5 13. Qb3 Kh7 14. exf5 gxf5 15. dxe5 dxe5 16. Nfxe5 Nxe5 17. Rfe1 Be6 18. Bxf5+ Rxf5 19. Qc2 Kh8 20. Ne3 Rg5 21. f4 Nf3+ 22. Kf2 Nxe1 23. Rxe1 Rh5 24. Ng4 Qh4+ 25. g3 Qxg4 0-1